Commonwealth human rights law digest.-3CHRLD1-120, Issue1,Aug2001 (Record no. 4992)

MARC details
000 -LEADER
fixed length control field 00806nam a22001697a 4500
008 - FIXED-LENGTH DATA ELEMENTS--GENERAL INFORMATION
fixed length control field 120110t xxu||||| |||| 00| 0 eng d
022 ## - INTERNATIONAL STANDARD SERIAL NUMBER
International Standard Serial Number 13637169
082 ## - DEWEY DECIMAL CLASSIFICATION NUMBER
Classification number 341.4805COM
100 ## - MAIN ENTRY--PERSONAL NAME
Personal name Mayhew Alice,Candy whittome
Titles and other words associated with a name Commonwealth Human Rights Law Digest.-3CHRLD 1-120,Issue1,Aug2001
9 (RLIN) 6333
245 ## - TITLE STATEMENT
Title Commonwealth human rights law digest.-3CHRLD1-120, Issue1,Aug2001
Statement of responsibility, etc Mayhew Alice,Candy Whittome
260 ## - PUBLICATION, DISTRIBUTION, ETC. (IMPRINT)
Place of publication, distribution, etc united kingdom
Name of publisher, distributor, etc interights
300 ## - PHYSICAL DESCRIPTION
Extent XVI,120P.
600 ## - SUBJECT ADDED ENTRY--PERSONAL NAME
Source of heading or term Alice Mayhew, Candy Whittome
Titles and other words associated with a name Commonwealth Human Rights Law Digest.-3CHRLD1-120, Issue1, Aug2001
9 (RLIN) 6334
700 ## - ADDED ENTRY--PERSONAL NAME
Titles and other words associated with a name Commonwealth Human Rights law Digest.-3CHRLD1-120, Issue1,Aug 2001
9 (RLIN) 6335
942 ## - ADDED ENTRY ELEMENTS (KOHA)
Source of classification or shelving scheme Dewey Decimal Classification
Item type Periodicals
Holdings
Withdrawn status Lost status Source of classification or shelving scheme Damaged status Not for loan Home library Current library Shelving location Date acquired Total Checkouts Full call number Barcode Date last seen Price effective from Koha item type
    Dewey Decimal Classification     Law Development Centre Main Library Law Development Centre Main Library Law Reports 01/10/2012   341.4805COM 3543/2012 01/10/2012 01/10/2012 Periodicals